Cycling - Top 50 Riders 2024 (PCS) - Statistics

General Stats
  • This quiz has been taken 1,038 times
    1,028 since last reset
  • The average score is 27 of 50
Answer Stats
Rank Country Team Rider % Correct
1 Slovenia UAE Team Emirates Tadej Pogacar
99%
5 Denmark Team Visma | Lease a Bike Jonas Vingegaard
95%
8 Netherlands Alpecin - Deceuninck Mathieu Van der Poel
94%
2 Belgium Soudal Quick-Step Remco Evenepoel
93%
9 Slovenia Red Bull - BORA - hansgrohe Primoz Roglic
91%
13 Belgium Team Visma | Lease a Bike Wout Van Aert
88%
3 Belgium Alpecin - Deceuninck Jasper Philipsen
87%
7 Eritrea Intermarché - Wanty Biniam Girmay
86%
11 Denmark Lidl - Trek Mads Pedersen
82%
6 Australia Decathlon AG2R La Mondiale Team Ben O'Connor
78%
16 UK UAE Team Emirates Adam Yates
77%
4 Switzerland UAE Team Emirates Marc Hirschi
74%
12 USA Team Visma | Lease a Bike Matteo Jorgenson
74%
24 Ecuador EF Education - EasyPost Richard Carapaz
74%
17 Spain Movistar Team Enric Mas
69%
26 Portugal UAE Team Emirates Joao Almeida
68%
14 Belgium Lotto Dstny Arnaud De Lie
66%
10 Belgium Soudal Quick-Step Tim Merlier
66%
21 - Red Bull - BORA - hansgrohe Aleksandr Vlasov
63%
19 Spain INEOS Grenadiers Carlos Rodriguez
63%
20 Spain UAE Team Emirates Juan Ayuso
63%
15 USA UAE Team Emirates Brandon McNulty
62%
18 Italy Lidl - Trek Johnathan Milan
62%
27 Spain Soudal Quick-Step Mikel Landa
56%
48 Mexico UAE Team Emirates Isaac Del Toro
52%
34 Switzerland Groupama - FDJ Stefan Küng
51%
30 UK INEOS Grenadiers Thomas Pidcock
50%
40 France Team dsm-firmenich PostNL Romain Bardet
49%
23 Denmark Lidl - Trek Mattias Skjelmose
47%
32 Belgium UAE Team Emirates Tim Wellens
47%
22 Belgium Lotto Dstny Maxim Van Gils
40%
33 Norway Uno-X Mobility Alexander Kristoff
39%
38 France Soudal Quick-Step Julian Alaphilippe
39%
47 Ecuador INEOS Grenadiers Jhonatan Narvaez
38%
29 Netherlands Team Visma | Lease a Bike Olav Kooij
36%
50 France Groupama - FDJ Lenny Martinez
34%
45 Latvia Lidl - Trek Toms Skujins
34%
41 Australia Team Jayco AlUla Michael Matthews
33%
28 Belgium Lotto Dstny Lennert Van Eetvelt
31%
43 Spain Bahrain - Victorious Pello Bilbao
31%
37 UK Team dsm-firmenich PostNL Oscar Onley
29%
44 Italy Bahrain - Victorious Antonio Tiberi
24%
25 Italy UAE Team Emirates Diego Ulissi
24%
49 France Groupama - FDJ Romain Gregoire
24%
35 UK Israel - Premier Tech Stephen Williams
24%
46 Italy Astana Qazaqstan Team Alberto Bettiol
22%
31 France Decathlon AG2R La Mondiale Team Benoit Cosnefroy
20%
42 Spain Movistar Team Alex Aranburu
15%
39 New Zealand Israel - Premier Tech Corbin Strong
15%
36 France Cofidis Axel Zingle
13%
No matching quizzes found
Score Distribution
Percent of People with Each Score
Percentile by Number Answered
Your Score History
You have not taken this quiz since the last reset